| 000 | 00691nam a2200169 4500 | ||
|---|---|---|---|
| 999 |
_c13816 _d13816 |
||
| 020 | _a9780984434930 | ||
| 082 | _a232.9 S5566m 2010 | ||
| 100 | _aShinozawa, Kozumi | ||
| 245 |
_aManga melech / _bthe rise and fall of kings and nations! _cscript writer, Ryo Azumi ; art director, Ai Horie ; English editor, Joshua Ginter ; supervisor, Kenji Oyama ; coordinator, Ayako Mosaic |
||
| 260 |
_aJapan _bNEXT _cc2010 |
||
| 300 |
_a288 pages : _bchiefly color illustrations ; _c21 cm. |
||
| 526 |
_a200-299 _d220 |
||
| 650 | _aComic books, strips, etc. -- Religious aspects | ||
| 650 | _aBible stories, English -- Old Testament | ||
| 650 | _aKings and rulers -- Biblical teaching | ||
| 942 |
_2ddc _cBK |
||